[Event "Wohlen op 4th"]
[Site "Wohlen"]
[Date "2023.08.25"]
[Round "1"]
[White "Eigenmann, Marco"]
[Black "Ramella, Stefano"]
[Result "0-1"]
[WhiteElo "1388"]
[BlackElo "1789"]
[PlyCount "70"]
[EventDate "2023.08.25"]
[EventType "swiss"]
[EventRounds "5"]
[EventCountry "SUI"]
[SourceTitle "EXT 2024"]
[Source "ChessBase"]
[SourceDate "2023.10.10"]
[SourceVersion "1"]
[SourceVersionDate "2023.10.10"]
[SourceQuality "1"]

1. e4 d6 2. d4 Nf6 3. Nc3 g6 4. Bg5 Bg7 5. e5 dxe5 6. dxe5 Qxd1+ 7. Rxd1 Ng4 8. h3 Nxe5 9. Nd5 f6 10. Nxc7+ Kf7 11. Bf4 Nbc6 12. Bxe5 Nxe5 13. Nxa8 Bf5 14. Nc7 Rc8 15. Nd5 Rxc2 16. Ne3 Rxb2 17. Nxf5 gxf5 18. f4 Nc6 19. Nf3 Rb4 20. g3 Bf8 21. Bd3 e6 22. Ke2 Ra4 23. Bb5 Rxa2+ 24. Rd2 Ra3 25. Bxc6 bxc6 26. Rhd1 Bc5 27. Rd3 Ra4 28. Rd7+ Kg6 29. Nd4 e5 30. fxe5 fxe5 31. Nxc6 e4 32. Rc7 Kf6 33. Rxh7 e3 34. Rh4 Ra2+ 35. Kf3 Rf2# 0-1

[Event "Milan Sport&Cultura op"]
[Site "Milan"]
[Date "2010.02.14"]
[Round "5"]
[White "Ramella, Stefano"]
[Black "Moroni, Luca Jr"]
[Result "1-0"]
[WhiteElo "1775"]
[BlackElo "1600"]
[PlyCount "71"]
[EventDate "2010.02.12"]
[EventType "swiss"]
[EventRounds "5"]
[EventCountry "ITA"]
[SourceTitle "EXT 2011"]
[Source "ChessBase"]
[SourceDate "2010.11.26"]
[SourceVersion "1"]
[SourceVersionDate "2010.11.26"]
[SourceQuality "1"]

1. e4 c5 2. Nf3 d6 3. d4 cxd4 4. Nxd4 Nf6 5. Nc3 a6 6. Be2 e6 7. Be3 Be7 8. 0-0 Qc7 9. Nb3 Nc6 10. f3 b5 11. a3 Bb7 12. Qe1 0-0 13. Qg3 Kh8 14. Rad1 Ne5 15. Nd4 Rac8 16. Bd3 Ned7 17. Nce2 e5 18. Nf5 Nh5 19. Qg4 Ndf6 20. Qh4 g6 21. Nxe7 Qxe7 22. Bg5 Kg7 23. g4 h6 24. gxh5 hxg5 25. Qxg5 Rh8 26. Ng3 Kh7 27. hxg6+ fxg6 28. f4 Rcf8 29. f5 gxf5 30. Qxf5+ Kg7 31. Qg5+ Kh7 32. Kh1 Qg7 33. Qxg7+ Kxg7 34. Nf5+ Kg6 35. Rg1+ Kh5 36. Be2+ 1-0

[Event "Milan Sport&Cultura op"]
[Site "Milan"]
[Date "2010.02.13"]
[Round "2"]
[White "Veri, Giustino"]
[Black "Ramella, Stefano"]
[Result "0-1"]
[WhiteElo "1630"]
[BlackElo "1775"]
[PlyCount "62"]
[EventDate "2010.02.12"]
[EventType "swiss"]
[EventRounds "5"]
[EventCountry "ITA"]
[SourceTitle "EXT 2011"]
[Source "ChessBase"]
[SourceDate "2010.11.26"]
[SourceVersion "1"]
[SourceVersionDate "2010.11.26"]
[SourceQuality "1"]

1. d4 Nf6 2. Nf3 g6 3. c4 Bg7 4. Nc3 d6 5. e4 c5 6. dxc5 Qa5 7. Qa4+ Qxa4 8. Nxa4 Nxe4 9. cxd6 Nxd6 10. c5 Ne4 11. Be3 Bd7 12. Bd3 Nxf2 13. Bxf2 Bxa4 14. Rb1 0-0 15. 0-0 Bc6 16. Ne1 Nd7 17. b4 Ne5 18. Be2 Be4 19. Rc1 Rad8 20. Bh4 f6 21. Bc4+ Nxc4 22. Rxc4 Bd5 23. Rc2 g5 24. Bf2 f5 25. a3 Be4 26. Re2 e5 27. Be3 f4 28. Bc1 Bc6 29. Bb2 Bb5 30. Re4 Bxf1 31. Kxf1 Rfe8 0-1

[Event "Milan Sport&Cultura op"]
[Site "Milan"]
[Date "2010.02.12"]
[Round "1"]
[White "Ramella, Stefano"]
[Black "Turov, Maxim"]
[Result "0-1"]
[WhiteElo "1775"]
[BlackElo "2584"]
[PlyCount "60"]
[EventDate "2010.02.12"]
[EventType "swiss"]
[EventRounds "5"]
[EventCountry "ITA"]
[SourceTitle "EXT 2011"]
[Source "ChessBase"]
[SourceDate "2010.11.26"]
[SourceVersion "1"]
[SourceVersionDate "2010.11.26"]
[SourceQuality "1"]

1. e4 c6 2. d4 d5 3. Nd2 dxe4 4. Nxe4 Nf6 5. Nxf6+ gxf6 6. Bf4 Qb6 7. Rb1 Bf5 8. Nf3 Qa5+ 9. Bd2 Qxa2 10. Be2 e6 11. 0-0 Rg8 12. Re1 Qd5 13. Kh1 Bd6 14. c4 Qe4 15. Rc1 Qg4 16. Bf1 Be4 17. d5 Nd7 18. dxe6 fxe6 19. Rc3 f5 20. Be3 Bxf3 21. Qxf3 Qxf3 22. gxf3 Bb4 23. Bd4 Bxc3 24. Bxc3 Kf7 25. b4 Nf6 26. c5 Nd5 27. Bd2 b6 28. Bc4 bxc5 29. bxc5 a5 30. Bxd5 cxd5 0-1